Name a valid Capital City #1 - Statistics

General Stats
  • This quiz has been taken 280 times
  • The average score is 9 of 10
Answer Stats
Name a Capital City that... Answer % Correct
has an annual average temperature lower than 6°C (42.8°F) Ottawa | Tallinn | Reykjavik | Helsinki | Moscow | Nur-Sultan | Ulaanbaatar
98%
has more than 10 million inhabitants Seoul | Kinshasa | Jakarta | Cairo | Moscow | Manila | Tokyo | New-Delhi | Beijing
98%
has the same name as the country (or include it) Andorra la Vella | Djibouti | Guatemala City | Kuwait City | Luxembourg City | Mexico City | Monaco | Panama City | San Marino | Singapore | Vatican City
97%
is not the only capital of the country Sucre | La Paz | Mbabane | Lobamba | Pretoria | Cape Town | Bloemfontein | Putrajaya | Kuala Lampur
94%
is one of the 10 oldest cities in the world Jerusalem | Athens | Damascus | Beirut
90%
is an institutional seat of the EU Brussels | Luxembourg City
88%
is in an altitude of more than 2000m (~6560ft) Mexico City | Sana'a | Asmara | Thimphu | Addis Ababa | Bogotá | Quito | La Paz
86%
is below sea level Amsterdam | Baku
82%
has an annual average temperature higher than 28°C (82.4°F) Bamako | Bangkok | Djibouti | Khartoum | Niamey | Manila | Phnom Penh | N'Djamena | Malé | Muscat
75%
was founded after 1950* Nouakchott | Islamabad | Brasília | Gaborone | Belmopan | Yamoussoukro | Palikir | Abuja | Dodoma | Nur-Sultan | Putrajaya | Naypyidaw | Ngerulmud
70%
No matching quizzes found
Score Distribution
Percent of People with Each Score
Percentile by Number Answered
Your Score History
You have not taken this quiz